Sports Quiz

Random Sports or Football Quiz

I Scored at 3 World Cups Quiz Stats

 Plays Quiz Updated Jul 2, 2018

Also try: World Cup Winners
Challenge
Share
Tweet
Embed
Score 0/37 Timer 07:00
39 Plays Today
Country (Years) Player % Correct
Portugal (2006, 2010, 2014, 2018)Cristiano Ronaldo
94.7%
Brazil (1998, 2002, 2006)Ronaldo
94.1%
Argentina (2006, 2014, 2018)Lionel Messi
91.9%
Brazil (1958, 1962, 1966, 1970)Pelé
89.4%
Uruguay (2010, 2014, 2018)Luis Suárez
83.2%
Argentina (1982, 1986, 1994)Diego Maradona
82.6%
Germany (2002, 2006, 2010, 2014)Miroslav Klose
79.2%
Uruguay (2010, 2014, 2018)Edinson Cavani
74.5%
Netherlands (2006, 2010, 2014)Robin van Persie
72.7%
England (1998, 2002, 2006)David Beckham
70.9%
Netherlands (2006, 2010, 2014)Arjen Robben
70%
Australia (2006, 2010, 2014)Tim Cahill
69.7%
Mexico (2010, 2014, 2018)Javier Hernández
69.1%
Spain (2006, 2010, 2014)David Villa
68.1%
United States (2006, 2010, 2014)Clint Dempsey
62%
Spain (1998, 2002, 2006)Raúl
58.3%
France (1978, 1982, 1986)Michel Platini
57.7%
Japan (2010, 2014, 2018)Keisuke Honda
55.7%
Argentina (1994, 1998, 2002)Gabriel Batistuta
54.7%
Country (Years) Player % Correct
Italy (1990, 1994, 1998)Roberto Baggio
53.2%
Ghana (2006, 2010, 2014)Asamoah Gyan
50.5%
Germany* (1990, 1994, 1998)Jürgen Klinsmann
48.8%
Sweden (1994, 2002, 2006)Henrik Larsson
48.4%
South Korea (2002, 2006, 2010)Park Ji-Sung
42%
Mexico (2006, 2010, 2014)Rafael Márquez
41.5%
Germany* (1986, 1990, 1994)Lothar Matthäus
34.4%
Germany* (1986, 1990, 1994)Rudi Völler
33.7%
Mexico (1998, 2002, 2010)Cuauhtémoc Blanco
24.8%
Spain (1994, 1998, 2002)Fernando Hierro
23.8%
Germany* (1978, 1982, 1986)Karl-Heinz Rummenigge
19%
Poland (1974, 1978, 1982)Grzegorz Lato
17.5%
Germany* (1958, 1962, 1966, 1970)Uwe Seeler
13.6%
Scotland (1974, 1978, 1982)Joe Jordan
7.4%
Saudi Arabia (1994, 1998, 2006)Sami Al-Jaber
6.6%
France (1978, 1982, 1986)Dominique Rocheteau
6.3%
Spain (1986, 1990, 1994)Julio Salinas
5.2%
Poland (1974, 1978, 1982)Andrzej Szarmach
3.5%

You're not logged in!

Compare scores with friends on all Sporcle quizzes.
OR
Log In

You Might Also Like...

Show Comments

Extras

Top Quizzes Today


Score Distribution

Your Account Isn't Verified!

In order to create a playlist on Sporcle, you need to verify the email address you used during registration. Go to your Sporcle Settings to finish the process.

Report this User

Report this user for behavior that violates our Community Guidelines.

Details: